Normal view
MARC view
- بركو،عبد بن محمد
Entry Personal Name
001 - CONTROL NUMBER
- control field: 65137
003 - CONTROL NUMBER IDENTIFIER
- control field: JO-AjAnu
005 - DATE AND TIME OF LATEST TRANSACTION
- control field: 20240325124701.0
008 - FIXED-LENGTH DATA ELEMENTS
- fixed length control field: 240325|| aca||aabn | a|a d
040 ## - CATALOGING SOURCE
- Original cataloging agency: JO-AjAnu
100 ## - HEADING--PERSONAL NAME
- Personal name: بركو،عبد بن محمد
- Relator term: مؤلف